| 000 | 01910cam a2200373 a 4500 | ||
|---|---|---|---|
| 001 | 14696242 | ||
| 005 | 20170105102914.0 | ||
| 008 | 070112s2007 maua b 001 0 eng | ||
| 010 | _a 2007000654 | ||
| 015 |
_aGBA749039 _2bnb |
||
| 016 | 7 |
_a013778442 _2Uk |
|
| 020 | _a9780262026246 (hardcover : alk. paper) | ||
| 020 | _a0262026244 (hardcover : alk. paper) | ||
| 035 | _a(OCoLC)ocm79001755 | ||
| 035 | _a(OCoLC)79001755 | ||
| 040 |
_aDLC _cDLC _dBTCTA _dBAKER _dUKM _dC#P _dYDXCP _dDLC |
||
| 050 | 0 | 0 |
_aJC574 _b.B374 2007 |
| 082 | 0 | 0 |
_a320.51/2 _222 |
| 100 | 1 | _aBarsky, Robert F. | |
| 245 | 1 | 4 |
_aThe Chomsky effect : _ba radical works beyond the ivory tower / _cRobert F. Barsky. |
| 260 |
_aCambridge, Mass. : _bMIT Press, _cc2007. |
||
| 300 |
_axviii, 381 p. : _bill. ; _c24 cm. |
||
| 504 | _aIncludes bibliographical references (p. [351]-367) and index. | ||
| 505 | 0 | _aPreface -- Dissent -- The Chomsky effect within and beyond the ivory tower -- Resisting and reviling the Chomsky effect -- Effective precursors: anarchists, cartesians, liberals and the radical left -- Milieus -- Just effects: Chomsky on law, ethics and human rights -- Effective teaching: from catalyst to institute professor -- Obfuscating the Chomsky effect: media, propaganda, and postmodern language studies -- Literature, humor, and the effects of creative discourses -- The effective "public" intellectual. | |
| 600 | 1 | 0 |
_aChomsky, Noam _xInfluence. |
| 600 | 1 | 0 |
_aChomsky, Noam _xCriticism and interpretation. |
| 650 | 0 | _aLiberalism. | |
| 650 | 0 | _aAnarchism. | |
| 650 | 0 |
_aPolitical science _xPhilosophy. |
|
| 856 | 4 | 1 |
_3Table of contents only _uhttp://www.loc.gov/catdir/toc/ecip078/2007000654.html |
| 906 |
_a7 _bcbc _corignew _d1 _eecip _f20 _gy-gencatlg |
||
| 942 |
_2ddc _cBK |
||
| 999 |
_c15274 _d15274 |
||